| 000 | 00622nam a22002171c 4500 | ||
|---|---|---|---|
| 001 | a987692967 | ||
| 003 | RU-10907106 | ||
| 005 | 20240123151845.0 | ||
| 008 | 200123s1961 gw |||| 000u eng d | ||
| 040 | _cRU-10907106 | ||
| 041 | _aeng | ||
| 100 | 1 |
_aHodgkins, Jordan A. _960435 |
|
| 245 | 0 | 0 |
_aSoviet Power : _bEnergy resources, production and potentials |
| 264 |
_aLondon : _bPrentice - Hall International, _c1961 |
||
| 300 | _axviii, 190 Seiten : graph. Darst. | ||
| 650 | 0 | _aEnergiepolitik | |
| 650 | 0 | _aEnergiewirtschaft | |
| 651 | 0 | _aSowjetunion | |
| 710 | 2 |
_aKent State University _960436 |
|
| 942 |
_cMG _2z |
||
| 999 |
_c7854 _d7854 |
||